Super Smash Bros. Fighters #61 - The Cloud Quiz - Statistics

General Stats
  • This quiz has been taken 186 times
  • The average score is 11 of 14
Answer Stats
Hint Answer % Correct
Which Final Fantasy game is Cloud from? Final Fantasy VII
100%
What year was this game released in? 1997
93%
Which console was this game released for? PlayStation
91%
How old is Cloud in this game? 21
89%
What is Cloud’s last name? Strife
88%
What is the name of Cloud’s iconic sword? {Buster} Sword
85%
After filling up the gauge, Cloud and his allies are able to use these powerful moves: Limit
82%
Who is Cloud’s childhood friend? Tifa
81%
What is the name of the 2005 film sequel to this game? Advent Children
73%
What is Cloud's level 4 version of the above move type (and his final smash)? Omnislash
71%
What elite fighting organization did Cloud use to be a part of? SOLDIER
71%
Cloud works for Hades in this other Square Enix game: Kingdom Hearts
66%
What village was Cloud born and raised in? Nibelheim
43%
Who created Cloud? Tetsuya Nomura
28%
No matching quizzes found
Score Distribution
Percent of People with Each Score
Percentile by Number Answered
Your Score History
You have not taken this quiz